| 000 | 00580cam a2200181Ia 4500 | ||
|---|---|---|---|
| 040 | _cAGL | ||
| 082 | _a634 BAN 2011 A042 Or. | ||
| 100 | 1 | _aDurst, Patrick B. | |
| 245 | 1 | 0 | _aEnergy plantations in the Republic of the Philippines |
| 300 |
_aiv, 17 pages ; _c28 cm. |
||
| 490 | 1 | _aResearch paper SE ; | |
| 500 | _aDistributed to depository libraries in microfiche. | ||
| 500 | _a"July 1987"--P. [2] of cover. | ||
| 650 | 0 | _aEnergy crops | |
| 710 | 2 | _aSoutheastern Forest Experiment Station (Asheville, N.C.) | |
| 856 | 4 | 1 | _uhttps://purl.fdlp.gov/GPO/LPS82647 |
| 942 | _cAEDBB | ||
| 999 |
_c20848 _d20848 |
||